00800naa#a2200169#i#4500001001600000005001700016011001400033100004100047102000700088200023400095210009400329215001100423608004500434675007600479700005200555856002300607RU\\bibl\12044520260512061940.2##a2074-8183##a20260331b2026####ek#y0rusy0150####ca##aRU1#aПРОТИВОДЕЙСТВИЕ РАССЛЕДОВАНИЮ НА ДОСУДЕБНОЙ СТАДИИ УГОЛОВНОГО ПРОЦЕССА: О ПОНЯТИИ И ЕГО ЗАКОНОМЕРНОСТЯХeЖурнальная статья1#aВолгоградcВолгоградская академия МВД Россииd2026##a10 с.##aЖурнальная статья2local##aТактика получения доказательств. 343.985.2#1aЗамылинgЕвгений Иванович4#ava-mvd.editorum.ru